000 00497nam a2200181Ia 4500
008 240925s9999 xx 000 0 und d
020 _a74638556
082 _a005.72 POW
100 _aPowell ,Thomas A..
245 4 _aThe Complete Refrence HTML
250 _a2nd
260 _aNew Delhi:
_bTata McGraw Hill
_c,2000.
300 _axxiv,662p.
_bNA
_fPhotocopy
500 _aIncludes Index
600 _aComputer Science
650 _aComputer science, information & general works
942 _cBK
999 _c6661
_d6661